Welcome to CU Library Online Public Access Catalogue (OPAC)

Managerial accounting for business decisions / (Record no. 3952)

MARC details
000 -LEADER
fixed length control field 00559cam a22001934a 4500
001 - CONTROL NUMBER
control field 14184715
005 - DATE AND TIME OF LATEST TRANSACTION
control field 20250219085953.0
008 - FIXED-LENGTH DATA ELEMENTS--GENERAL INFORMATION
fixed length control field 051130s2006 nyua b 001 0 eng
020 ## - INTERNATIONAL STANDARD BOOK NUMBER
International Standard Book Number 0273681559
050 00 - LIBRARY OF CONGRESS CALL NUMBER
Classification number HF5657.4
Item number .P763 2006
082 00 - DEWEY DECIMAL CLASSIFICATION NUMBER
Classification number 658.15/11
Edition information 22
100 1# - MAIN ENTRY--PERSONAL NAME
Personal name Proctor, Ray.
245 10 - TITLE STATEMENT
Title Managerial accounting for business decisions /
Statement of responsibility, etc. Ray Proctor.
250 ## - EDITION STATEMENT
Edition statement 2nd ed.
260 ## - PUBLICATION, DISTRIBUTION, ETC.
Place of publication, distribution, etc. New York :
Name of publisher, distributor, etc. Prentice Hall/Financial Times,
Date of publication, distribution, etc. 2006.
300 ## - PHYSICAL DESCRIPTION
Extent xix, 546 p. :
Other physical details ill. ;
Dimensions 25 cm.
650 #0 - SUBJECT ADDED ENTRY--TOPICAL TERM
Topical term or geographic name entry element Managerial accounting.
942 ## - ADDED ENTRY ELEMENTS (KOHA)
Source of classification or shelving scheme Library of Congress Classification
Koha item type Books
Suppress in OPAC No
999 ## -
-- 3952
-- 3952
Holdings
Withdrawn status Lost status Source of classification or shelving scheme Damaged status Not for loan Collection Home library Current library Shelving location Date acquired Total checkouts Full call number Barcode Date last seen Copy number Price effective from Koha item type
    Library of Congress Classification     Non-fiction Undergraduate Library (Christ Temple) Undergraduate Library (Christ Temple) General stacks 02/19/2025   HF5657.4 PRO ulct00001276 02/19/2025 1 02/19/2025 Books
© 2023-2024 Copyright: Central University Libraries. All Rights Reserved | Created by: Mahone Tech Office